000 00529nam a2200181 a 4500
001 000043209
005 20201002040726.0
008 140225s2014 nyu 000 0 spa d
020 _a9780062071248
040 _aDO-SdBNP
_bspa
_cBNPHU
082 _axxx
_bxxx
100 1 _aArmstrong, Kelley
_970798
245 1 0 _aSea of shadows /
_cKelley Armstrong.
260 _aNew York, NY :
_bHarper, an imprint of HarperCollins Publishers,
_c2014.
300 _a392 p. ;
_c21 cm.
490 1 _aHarper
_v4/14
830 0 _aHarper
_n4/14
_970799
999 _c42698
_d42698